Statystyki dla Geografia quiz #58 - Miasta w województwie podlaskim

Kliknij tutaj aby rozwiązać quiz!

Ogólne statystyki

  • Ten quiz został rozwiązany 24 razy
  • Średni wynik to 6 z 7

Statystyki odpowiedzi

MiastoLiczba ludności% Poprawnych
Białystok292 600
100%
Suwałki68 525
100%
Łomża60 128
91%
Augustów29 173
78%
Bielsk Podlaski24 026
74%
Grajewo21 089
70%
Zambrów21 004
70%

Rozkład punktacji

Percentyl według liczby udzielonych odpowiedzi

Procent ludzi z każdym wynikiem

Twoja historia wyników

Nie rozwiązałeś tego quizu